Statistics for Bayern München 21/22 squad

Click here to take the quiz!

General Stats

  • This quiz has been taken 86 times
  • The average score is 21 of 27

Answer Stats

Answer% Correct
1Neuer
100%
6Kimmich
99%
25Müller
97%
10Sane
97%
7Gnabry
96%
8Goretzka
96%
9Lewandowski
96%
42Musiala
94%
HeadcoachNagelsmann
94%
5Pavard
92%
19Davies
91%
4Süle
91%
26Ulreich
91%
2Upamecano
90%
21Hernandez
86%
11Coman
83%
13Choupo Moting
77%
24Tolisso
73%
44Stanisic
68%
18Sabitzer
63%
36Früchtl
60%
23Nianzou
54%
22Roca
54%
3Richards
53%
20Sarr
50%
14Wanner
45%
40Tillman
41%

Score Distribution

Percentile by Number Answered

Percent of People with Each Score

Your Score History

You have not taken this quiz